Loading...

Oru Kuttanadan Ormakoythu

Bibliographic Details
Main Author: Kamalasanan, N K
Format: Printed Book
Published: Kottayam SPCS 2005
LEADER 00351nam a22001097a 4500
082 |a 920  |b KAM.O 
100 |a Kamalasanan, N K 
245 |a Oru Kuttanadan Ormakoythu 
260 |a Kottayam  |b SPCS  |c 2005 
942 |c BK 
999 |c 22976  |d 22976 
952 |0 0  |1 0  |4 0  |6 920_000000000000000_KAM_O  |7 0  |9 25628  |a CAMPUS  |b CAMPUS  |d 2018-06-01  |l 0  |o 920 KAM.O  |p 26376  |r 2018-06-01  |w 2018-06-01  |y BK